Normal view
MARC view
- Ghosh, B J
Entry Personal Name
001 - CONTROL NUMBER
- control field: 6176
003 - CONTROL NUMBER IDENTIFIER
- control field: OSt
005 - DATE AND TIME OF LATEST TRANSACTION
- control field: 20180212135725.0
008 - FIXED-LENGTH DATA ELEMENTS
- fixed length control field: 180212|| aca||aabn | a|a d
040 ## - CATALOGING SOURCE
- Original cataloging agency: OSt
- Transcribing agency: OSt
100 ## - HEADING--PERSONAL NAME
- Personal name: Ghosh, B J
670 ## - SOURCE DATA FOUND
- Source citation: Work cat.: (OSt): Ghosh, B J, Hands on Maths For class - VII, 2012